00450nam a2200145 4500003000900000020001800009040002800027082001700055100001900072245009700091260003600188300002300224490002200247650003500269CO-ViMGA a9789583016394 aCO-ViMGAbspacCO-ViMGA04aI863.6bV16h1 aVanin, Alfredo10aHistorias para reír o sorprenderse /cAlfredo Vanín, ilustraciones Nury Espinosa Vanegas aBogotá :bPanamericana,c2004 a72 p. : il. ; 19cm aOsito de anteojos14aCuentos infantiles colombianos